[Event "Attila Schneider Mem"]
[Site "Budapest HUN"]
[Date "2003.12.07"]
[Round "7"]
[White "Szilagyi,P"]
[Black "Banusz,T"]
[Result "1/2-1/2"]
[WhiteElo "2434"]
[BlackElo "2361"]

1.d4 d5 2.c4 c6 3.Nf3 Nf6 4.Nc3 dxc4 5.a4 Bf5 6.e3 e6 7.Bxc4 Bb4 8.O-O Nbd7
9.Nh4 O-O 10.Nxf5 exf5 11.Qc2 g6 12.Rd1 Qe7 13.a5 Rac8 14.Qb3 Rb8 15.Bf1 Rfe8
16.g3 Ne4 17.f3 Nxc3 18.bxc3 Bd6 19.Re1 f4 20.gxf4 Bxf4 21.Ra2 Qg5+ 22.Rg2 Bxh2+
23.Kf2 Qh4+ 24.Ke2 Bf4 25.Rd1 Nf6 26.c4 Rbd8 27.Kd3 Rd7 28.Kc2 Bb8 29.e4 Nxe4
30.fxe4 Qxe4+ 31.Qd3 Rxd4 32.Qxe4 Rdxe4 33.Rd7 R4e7 34.Rgd2 Bc7 35.Ba3 Rxd7
36.Rxd7 Bxa5 37.Rxb7 h5 38.Bd6 h4 39.c5 Re3 40.Rxa7 Be1 41.Kd1 Bg3 42.Bc4 Rf3
43.Rc7 g5 44.Ke2 g4 45.Rc8+ Kg7 46.Bf8+ Kh7 47.Rxc6 Kg8 48.Rc8 h3 49.Be7+ Kg7
50.Bf8+ Kg8 51.Be7+ Kg7 52.Bf8+ Kg8  1/2-1/2

[Event "22nd SEA Games Team Standard"]
[Site "Ho Chi Minh City VIE"]
[Date "2003.12.07"]
[Round "2"]
[White "Adianto,U"]
[Black "Torre,E"]
[Result "1/2-1/2"]
[WhiteElo "2581"]
[BlackElo "2520"]

1.d4 d5 2.c4 c6 3.Nf3 Nf6 4.Nc3 dxc4 5.a4 Bf5 6.Ne5 Nbd7 7.Nxc4 Nb6 8.Ne3 Bg6
9.a5 Nbd7 10.g3 e6 11.Qb3 b5 12.axb6 axb6 13.Rxa8 Qxa8 14.Bg2 Be7 15.O-O O-O
16.Bd2 Rc8 17.Rc1 Qa6 18.Bf3 e5 19.d5 e4 20.Bg2 cxd5 21.Nexd5 Nxd5 22.Nxd5 Rxc1+
23.Bxc1 Bc5 24.Bf1 Bf5 25.Qd1 Qa1 26.b4 Bf8 27.Ne3 Be6 28.Nc2 Qa4 29.Qd2 Nf6
30.Bb2 Nd5 31.Nd4 Qxb4 32.Qc1 Bd7 33.e3 h5 34.Bc4 Nf6 35.Be2 Qc5 36.Qd2 Bg4
37.Bf1 Qd5 38.Qc2 Bc5 39.Bc4 Qd7 40.Qb3 Bxd4 41.Bxd4 Be6 42.Bxe6 Qxe6 43.Qxe6 fxe6
44.Bxb6 Kf7 45.Kg2 Kg6 46.Bd4 Kf5 47.Bxf6 Kxf6  1/2-1/2

[Event "ch-IND National A"]
[Site "Calicut IND"]
[Date "2003.12.08"]
[Round "7"]
[White "Singh,SV"]
[Black "Harikrishna,P"]
[Result "1/2-1/2"]
[WhiteElo "2342"]
[BlackElo "2570"]

1.d4 d5 2.c4 c6 3.Nc3 Nf6 4.Nf3 dxc4 5.a4 Bf5 6.Nh4 Bc8 7.Nf3 Bg4 8.Ne5 Bh5
9.Nxc4 Nbd7 10.g3 e6 11.Bg2 a5 12.O-O Bb4 13.f3 O-O 14.g4 Bg6 15.e4 c5 16.Na2 Qc7
17.Nxb4 axb4 18.dxc5 b5 19.Qd6 Qxc5+ 20.Qxc5 Nxc5 21.Nb6 Ra6 22.Be3 Nb3 23.Ra2 Bxe4
24.fxe4 Nxg4 25.Re1 Nxe3 26.Rxe3 Nc1 27.Ra1 Rxb6 28.a5 Rc6 29.e5 Rc2 30.a6 Ne2+
31.Kh1 Rfc8 32.h3 Nf4 33.Bb7 Rd8 34.a7 g5 35.a8=Q Rxa8 36.Rxa8+ Kg7 37.b3 Rc1+
38.Kh2 Rc2+ 39.Kg3 h5 40.Be4 Rb2 41.h4 Ne2+ 42.Rxe2 Rxe2 43.Kf3 Rb2 44.hxg5 Rxb3+
45.Kf4 Rc3 46.Ra7 Kf8 47.g6 fxg6 48.Kg5 Ke8 49.Bxg6+ Kd8 50.Bxh5 b3 51.Ra1 Ke7
52.Rb1 Rc5 53.Kf4 Rc4+ 54.Ke3 Rc5 55.Kd4 Rc4+ 56.Kd3 Rc5 57.Ke4 Rc4+ 58.Kf3 Rc3+
59.Kf4 Rc4+ 60.Ke3 Rc5 61.Kd4  1/2-1/2

[Event "ch-IND National A"]
[Site "Calicut IND"]
[Date "2003.12.08"]
[Round "8"]
[White "Singh,SV"]
[Black "Sundararajan,K"]
[Result "0-1"]
[WhiteElo "2342"]
[BlackElo "2446"]

1.d4 d5 2.c4 c6 3.Nc3 Nf6 4.Nf3 dxc4 5.a4 Bf5 6.e3 e6 7.Bxc4 Bb4 8.O-O O-O
9.Nh4 Nbd7 10.Nxf5 exf5 11.Bd2 g6 12.Qb3 Qe7 13.Ne4 Bxd2 14.Nxd2 Rab8 15.Rfc1 Kg7
16.a5 Rfc8 17.Be2 f4 18.Bf3 fxe3 19.Qxe3 Nd5 20.Bxd5 Qxe3 21.fxe3 cxd5 22.e4 dxe4
23.Nxe4 Nf6 24.Nxf6 Kxf6 25.Kf2 Ke6 26.Ke3 Rc6 27.Rc3 Kd6 28.Kd3 Re8 29.a6 Rb8
30.axb7 Rb6 31.Rxa7 Rxb2 32.Ra6+ Kd7 33.Rf6 Ke7 34.Rfc6 R8xb7 35.Rc7+ Rxc7
36.Rxc7+ Ke6 37.Rc6+ Kd5 38.Rc5+ Kd6 39.Rc2 Rxc2 40.Kxc2 Kd5 41.Kd3 f5 42.g3 g5
43.h4 gxh4 44.gxh4 f4 45.h5 h6 46.Kc3 Ke4  0-1

[Event "21st Cairnhill Open"]
[Site "Singapore SIN"]
[Date "2003.12.10"]
[Round "5"]
[White "Mascarinas,R"]
[Black "Tan Lian Ann"]
[Result "1-0"]
[WhiteElo "2399"]
[BlackElo "2367"]

1.d4 d5 2.Nf3 Nf6 3.c4 c6 4.Nc3 dxc4 5.a4 Bf5 6.e3 e6 7.Bxc4 Bb4 8.O-O O-O
9.Qb3 Qe7 10.Ne5 Nbd7 11.Nxd7 Nxd7 12.e4 Bg6 13.f4 Bxc3 14.bxc3 Bxe4 15.Re1 Nf6
16.Ba3 Qd7 17.Bxf8 Rxf8 18.Ra2 c5 19.Rae2 Bf5 20.Rd2 Qc7 21.d5 exd5 22.Bxd5 Nxd5
23.Qxd5 g6 24.Re5 Qa5 25.Qc4 a6 26.Rxc5 Qb6 27.Qd4 Qb1+ 28.Rd1 Qc2 29.Re5 Rc8
30.h3 Be6 31.Re3 Qb3 32.Rde1 Qc4 33.Qf6 Qc6 34.Kh2 Bd5 35.Qxc6 Bxc6 36.Ra1 Rd8
37.Ra2 h5 38.Kg3 Kg7 39.Kh4 Kf6 40.a5 Rd1 41.Rf2 Rg1 42.f5 Rxg2 43.Rxg2 Bxg2
44.fxg6 fxg6 45.Kg3 Bc6 46.h4 g5 47.hxg5+ Kxg5 48.Re5+ Kg6 49.Kf4 Bd7 50.Rg5+ Kh6
51.Rd5 Bc6 52.Rd6+ Kh7 53.Kg5 Bf3 54.Rf6 Bc6 55.Kxh5 Kg7 56.Kg5 Bd5 57.Kf5  1-0

[Event "22nd SEA Games Standard w"]
[Site "Ho Chi Minh City VIE"]
[Date "2003.12.12"]
[Round "8"]
[White "Hoang Thanh Trang"]
[Black "Le Thi Phuong Lien"]
[Result "0-1"]
[WhiteElo "2463"]
[BlackElo "2208"]

1.d4 d5 2.c4 c6 3.Nf3 Nf6 4.Nc3 dxc4 5.a4 Bf5 6.Ne5 Na6 7.f3 Nd7 8.Nxc4 e5
9.e4 exd4 10.Qxd4 Nb4 11.Qd1 Be6 12.Be3 Nc5 13.Bxc5 Bxc5 14.Qxd8+ Rxd8 15.Rc1 O-O
16.a5 f6 17.Be2 Nd3+ 18.Bxd3 Rxd3 19.Na4 Bb4+ 20.Kf2 Bxc4 21.Rxc4 Bxa5 22.b4 b5
23.Rxc6 Bxb4 24.Rb1 a5 25.Nb6 Rd6 26.Rxd6 Bxd6 27.Nd5 Rb8 28.Ke2 b4 29.Kd3 a4
30.Kc4 Rc8+ 31.Kd3 a3 32.f4 a2 33.Rd1 b3 34.e5 b2  0-1

[Event "22nd SEA Games Standard"]
[Site "Ho Chi Minh City VIE"]
[Date "2003.12.12"]
[Round "8"]
[White "Wu Shaobin"]
[Black "Hamdani,R"]
[Result "1-0"]
[WhiteElo "2528"]
[BlackElo "2363"]

1.d4 d5 2.c4 c6 3.Nf3 Nf6 4.Nc3 dxc4 5.a4 Bf5 6.Ne5 Nbd7 7.Nxc4 Nb6 8.Ne5 e6
9.f3 Bb4 10.e4 Nxe4 11.fxe4 Qh4+ 12.Ke2 Bxc3 13.bxc3 Nd7 14.exf5 Nxe5 15.Qe1 Qh5+
16.Kd2 Ng4 17.Bd3 Nf6 18.fxe6 O-O-O 19.exf7 Qxf7 20.Kc2 Kb8 21.Bg5 Ka8 22.Rf1 c5
23.Bxf6 gxf6 24.dxc5 Rhe8 25.Qf2 Rxd3 26.Kxd3 Qg6+ 27.Qf5 Qxg2 28.Rf2 Qc6
29.Kc2 a6 30.Rd2 Re5 31.Qd7  1-0

[Event "2nd Subasic Mem"]
[Site "Zenica BIH"]
[Date "2003.12.12"]
[Round "9"]
[White "Zivanic,M"]
[Black "Muratovic,En"]
[Result "1-0"]
[WhiteElo "2436"]
[BlackElo "2281"]

1.d4 d5 2.c4 c6 3.Nf3 Nf6 4.Nc3 dxc4 5.a4 Bf5 6.Ne5 Nbd7 7.Nxc4 Qc7 8.g3 e5
9.dxe5 Nxe5 10.Bf4 Nfd7 11.Bg2 g5 12.Ne3 gxf4 13.Nxf5 O-O-O 14.O-O fxg3 15.hxg3 h5
16.Rc1 Kb8 17.Qc2 Nf6 18.Rfd1 Rxd1+ 19.Qxd1 Bc5 20.Qc2 Neg4 21.e3 h4 22.Ne4 hxg3
23.Nxc5 gxf2+ 24.Kf1 Qh2 25.Na6+ Kc8 26.Bxc6 Nxe3+ 27.Nxe3 Qg1+ 28.Ke2 Kd8
29.Rd1+ Kc8 30.Bxb7+ Kxb7 31.Qc7+  1-0

[Event "6th Open"]
[Site "Tanta City EGY"]
[Date "2003.12.16"]
[Round "9"]
[White "Adly,A"]
[Black "Frhat,A"]
[Result "1-0"]
[WhiteElo "2448"]
[BlackElo "2313"]

1.d4 Nf6 2.Nf3 d5 3.c4 c6 4.Nc3 dxc4 5.a4 Bf5 6.Ne5 Nbd7 7.Nxc4 Qc7 8.g3 e5
9.dxe5 Nxe5 10.Bf4 Nfd7 11.Bg2 g5 12.Ne3 gxf4 13.Nxf5 O-O-O 14.Qc2 Kb8 15.O-O fxg3
16.hxg3 Nf6 17.Rad1 Bc5 18.e3 Rxd1 19.Rxd1 Rd8 20.Ne4 Rxd1+ 21.Qxd1 Nxe4
22.Bxe4 a5 23.b3 Ka7 24.Kg2 Qb6 25.Qc2 Ng4 26.Bf3 Ne5 27.Be4 Ng4 28.Qc4 Ne5
29.Qc3 f6 30.Nh6 Bb4 31.Qc2 Bf8 32.Ng8 Qd8 33.Qc3 c5 34.f4 Ng4 35.Qd3 Qe8
36.Bf3 Nxe3+ 37.Kf2 Qe6 38.Qb5 b6 39.Qd3 Ng4+ 40.Kg2 Ne3+ 41.Kf2 Ng4+ 42.Bxg4 Qxg4
43.Nxf6 Qe6 44.Qxh7+ Be7 45.Ng8 Ka6 46.Nxe7 Qxb3 47.Qe4 Ka7 48.Nc6+ Ka6 49.Nb4+ Ka7
50.Qe7+ Ka8 51.Qd8+ Kb7 52.Qd7+  1-0

[Event "4th NAO IM"]
[Site "Paris FRA"]
[Date "2003.12.17"]
[Round "3"]
[White "Chabanon,JL"]
[Black "Marechal,A"]
[Result "1-0"]
[WhiteElo "2438"]
[BlackElo "2295"]

1.d4 d5 2.Nf3 Nf6 3.c4 c6 4.Nc3 dxc4 5.a4 Bf5 6.e3 e6 7.Bxc4 Bb4 8.O-O Nbd7
9.Qe2 Bg6 10.e4 O-O 11.Bd3 Rc8 12.Na2 Be7 13.b4 a5 14.bxa5 Qxa5 15.Bd2 Qa7
16.Nc3 Rfe8 17.Rfb1 Bf8 18.e5 Nd5 19.Bxg6 fxg6 20.Ne4 Rcd8 21.h4 h6 22.Ng3 Ne7
23.Be3 Qb8 24.a5 Qc7 25.Qc2 Rb8 26.Ne4 Nd5 27.Bd2 Be7 28.Rb3 Rec8 29.Nc5 Bxc5
30.dxc5 Nxe5 31.Nxe5 Qxe5 32.Rab1 Rf8 33.Qxg6 Rf6 34.Qg3 Qxg3 35.fxg3 Ra8
36.Rxb7 Kh7 37.h5 Rff8 38.Re1 Rfe8 39.Rf1 e5 40.Rff7 Rg8 41.g4 e4 42.Bc1 Rxa5
43.Bb2 Rxc5 44.Bxg7  1-0

[Event "3rd Amplico AIG Life Q/F"]
[Site "Warsaw POL"]
[Date "2003.12.21"]
[Round "3"]
[White "Rustemov,A"]
[Black "Jaracz,P"]
[Result "1/2-1/2"]
[WhiteElo "2604"]
[BlackElo "2542"]

1.Nf3 d5 2.d4 c6 3.c4 Nf6 4.Nc3 dxc4 5.a4 Bf5 6.e3 e6 7.Bxc4 Bb4 8.O-O O-O
9.Nh4 Nbd7 10.Nxf5 exf5 11.Qc2 Nb6 12.Bb3 Qd7 13.a5 Nbd5 14.Bd2 Bd6 15.Rfc1 a6
16.Nxd5 cxd5 17.f3 g6 18.Qd3 Rac8 19.Be1 Bb8 20.Bh4 Nh5 21.Bf2 Qd6 22.g3 Nf6
23.Rc3 Rc7 24.Rac1 Rfc8 25.Kg2 Kg7 26.Be1 h5 27.Rxc7 Rxc7 28.Rxc7 Bxc7 29.Qc3 Qe7
30.Ba2 Bd6 31.Bd2 h4 32.Be1 hxg3 33.hxg3 Qe8 34.Qb3 Qe7 35.Qc3  1/2-1/2

[Event "Harmonie"]
[Site "Groningen NED"]
[Date "2003.12.22"]
[Round "2"]
[White "Werle,J"]
[Black "Smeets,J"]
[Result "1/2-1/2"]
[WhiteElo "2409"]
[BlackElo "2511"]

1.Nf3 d5 2.d4 Nf6 3.c4 c6 4.Nc3 dxc4 5.a4 Bf5 6.e3 e6 7.Bxc4 Bb4 8.O-O Nbd7
9.Qe2 Bg6 10.e4 O-O 11.e5 Nd5 12.Bd2 Be7 13.a5 Nxc3 14.Bxc3 b6 15.b4 bxa5
16.bxa5 Rb8 17.Rfc1 Bb4 18.Bxb4 Rxb4 19.Bd3 Bxd3 20.Qxd3 Rb5 21.Qe4 Rxa5
22.Qxc6 Nb8 23.Qb7 a6 24.Rxa5 Qxa5 25.h3 Qd8 26.Rc5 h6 27.d5 exd5 28.Rc7 Qe8
29.Qxd5 Qd8 30.Qc4 Qd1+ 31.Kh2 Nd7 32.Qxa6 Qd5 33.Qd6 Qxd6 34.exd6 Rd8 35.Nd4 Nf6
36.Nf5 h5 37.h4 Kf8 38.Rc6 g6 39.Ng3 Ke8 40.f3 Kd7 41.Rc7+ Ke8 42.Rc6 Kd7
43.Ra6 Ke6 44.d7+  1/2-1/2

[Event "TCh-BEL 2003-4"]
[Site "Belgium BEL"]
[Date "2003.12.23"]
[Round "5"]
[White "De Haan,E"]
[Black "Hautot,S"]
[Result "1/2-1/2"]
[WhiteElo "2264"]
[BlackElo "2310"]

1.d4 d5 2.c4 c6 3.Nf3 Nf6 4.Nc3 dxc4 5.a4 Bf5 6.e3 e6 7.Bxc4 Bb4 8.O-O O-O
9.Qe2 Bg6 10.Ne5 Nbd7 11.Nxg6 hxg6 12.Rd1 Qa5 13.e4 e5 14.d5 Rad8 15.dxc6 bxc6
16.Bd2 Nb6 17.Bb3 Rd4 18.f3 Rfd8 19.Rac1 Bc5 20.Be3 Qb4 21.Ba2 Rxd1+ 22.Rxd1 Bxe3+
23.Qxe3 Rxd1+ 24.Nxd1 Nxa4 25.Kf1 c5 26.Qd3 Qd4 27.Qb3 Qd7 28.Qb8+ Kh7 29.Nf2 Qe7
30.Nd3 Nd7 31.Qxa7 Nab6 32.Qc7 Qg5 33.Bxf7 Qd2 34.Qd6 Qd1+ 35.Kf2 Qd2+ 36.Kf1 Qd1+
37.Kf2 Qd2+  1/2-1/2

[Event "3rd NAO GM"]
[Site "Paris FRA"]
[Date "2003.12.23"]
[Round "9"]
[White "Shchekachev,A"]
[Black "Vandevoort,P"]
[Result "1-0"]
[WhiteElo "2522"]
[BlackElo "2363"]

1.Nf3 Nf6 2.c4 c6 3.d4 d5 4.Nc3 dxc4 5.a4 Bf5 6.Ne5 e6 7.f3 Bb4 8.e4 Bxe4
9.fxe4 Nxe4 10.Bd2 Qxd4 11.Nxe4 Qxe4+ 12.Qe2 Bxd2+ 13.Kxd2 Qd5+ 14.Kc2 Na6
15.Nxc4 O-O 16.Qe5 Rab8 17.a5 f6 18.Qxd5 cxd5 19.Nd2 Rfc8+ 20.Kb1 Nb4 21.Ra4 Nc6
22.Bb5 Kf7 23.Rc1 Ne5 24.Rxc8 Rxc8 25.a6 bxa6 26.Rxa6 Rc7 27.Nb3 f5 28.Nd4 Re7
29.Be2 f4 30.b4 g5 31.h3 Kf6 32.Kc2 h6 33.Kb3 Nf7 34.Nc6 Rc7 35.Bg4 Nd6 36.Nxa7 Ke5
37.Nc6+ Ke4 38.Nd8 Nc4 39.Rxe6+ Kd3 40.Nc6 Nd2+ 41.Ka4 Kc3 42.Kb5  1-0

[Event "Open"]
[Site "Pamplona ESP"]
[Date "2003.12.25"]
[Round "6"]
[White "Pogorelov,R"]
[Black "Pomes Marcet,J"]
[Result "0-1"]
[WhiteElo "2475"]
[BlackElo "2379"]

1.Nf3 d5 2.d4 Nf6 3.c4 c6 4.Nc3 dxc4 5.a4 Bf5 6.Ne5 Nbd7 7.Nxc4 Nb6 8.Ne5 a5
9.e3 e6 10.g4 Bg6 11.h4 Bd6 12.h5 Be4 13.f3 Bxe5 14.fxe4 Bg3+ 15.Kd2 Bd6
16.Kc2 e5 17.g5 Nfd7 18.Qg4 Qe7 19.Bd2 Bb4 20.Be2 O-O-O 21.g6 hxg6 22.hxg6 Rxh1
23.Rxh1 f6 24.d5 Kb8 25.Qe6 Qxe6 26.dxe6 Nf8 27.e7 Bxe7 28.Na2 Nxa4 29.Bxa5 b6
30.b3 bxa5 31.bxa4 Bc5 32.Rh3 Nxg6 33.Rg3 Ne7 34.Rxg7 Bxe3 35.Bd3 Nc8 36.Nc3 Nb6
37.Rf7 Rd6 38.Ba6 Nd7 39.Bc4 Nc5 40.Rf8+ Kc7 41.Rf7+ Kb6 42.Nb1 Nxa4 43.Bf1 Bg5
44.Bh3 Rd4 45.Bf5 Nc5 46.Nc3 Rc4 47.Kb2 a4 48.Nb1 Bc1+  0-1

[Event "24th Open"]
[Site "Bethune FRA"]
[Date "2003.12.26"]
[Round "1"]
[White "Wallart,A"]
[Black "Swiercz,K"]
[Result "0-1"]
[WhiteElo "2243"]
[BlackElo "2042"]

1.d4 d5 2.Nf3 Nf6 3.c4 c6 4.Nc3 dxc4 5.a4 Bf5 6.e3 e6 7.Bxc4 Bb4 8.O-O O-O
9.Qe2 Nbd7 10.e4 Bg4 11.Rd1 Qe7 12.Bg5 e5 13.d5 Rad8 14.h3 Bxf3 15.Qxf3 h6
16.Bh4 g5 17.Bg3 Bxc3 18.d6 Qe8 19.bxc3 Kg7 20.Qf5 Nh5 21.Ra2 f6 22.Bh2 Nc5
23.Be2 Qg6 24.Bxh5 Qxh5 25.f3 Qf7 26.Ra3 Qc4 27.h4 Nd3 28.Bg3 Qc5+ 29.Kh2 Qxa3
30.Rxd3 Rxd6 31.h5 Kf7 32.Re3 Qc5 33.Re1 Rg8 34.Qh7+ Rg7 35.Qxh6 Rd8 36.Rb1 b6
37.Be1 Rdg8 38.Rd1 Qe7 39.c4 Ke6 40.c5 bxc5 41.f4 gxf4 42.Bh4 Rh7  0-1

[Event "24th Open"]
[Site "Bethune FRA"]
[Date "2003.12.27"]
[Round "3"]
[White "De Wachter,M"]
[Black "Swiercz,K"]
[Result "1-0"]
[WhiteElo "2266"]
[BlackElo "2042"]

1.Nf3 d5 2.d4 Nf6 3.c4 c6 4.Nc3 dxc4 5.a4 Bf5 6.Nh4 Bg4 7.h3 Bh5 8.g4 Bg6
9.Nxg6 hxg6 10.e3 e6 11.Bxc4 Qc7 12.Qf3 Nbd7 13.Kf1 a6 14.Kg2 c5 15.Ba2 Bd6
16.Bd2 cxd4 17.exd4 O-O 18.Be3 Rac8 19.h4 Qc6 20.g5 Qxf3+ 21.Kxf3 Nh5 22.Rac1 Kh8
23.Ne4 Bb4 24.Rxc8 Rxc8 25.Rc1 Rxc1 26.Bxc1 Nb6 27.Bb3 Kg8 28.Nc5 Bxc5 29.dxc5 Nd7
30.Be3 Ne5+ 31.Ke4 Nc6 32.Kd3 Kf8 33.Kc3 Ke7 34.Bd1 f6 35.Bf3 Nd8 36.b4 Kd7
37.b5 axb5 38.axb5 Kc7 39.Kb4 e5 40.Bd5 f5 41.Kc4  1-0

[Event "12th Donau Open"]
[Site "Aschach GER"]
[Date "2003.12.28"]
[Round "4"]
[White "Knoll,H"]
[Black "Sandhoefner,F"]
[Result "0-1"]
[WhiteElo "2364"]
[BlackElo "2233"]

1.d4 d5 2.Nf3 Nf6 3.c4 c6 4.Nc3 dxc4 5.a4 Bf5 6.e3 e6 7.a5 c5 8.Bxc4 Nbd7
9.O-O Be7 10.Qe2 Bg6 11.Rd1 O-O 12.Ne5 Qc8 13.Nxg6 hxg6 14.d5 exd5 15.Nxd5 Nxd5
16.Bxd5 Nf6 17.Bf3 a6 18.e4 Re8 19.e5 Bd8 20.Ra3 Bc7 21.Re3 Nh7 22.Bg4 Qb8
23.f4 Bxa5 24.Rh3 Rd8 25.Rf1 Qc7 26.f5 gxf5 27.Bxf5 g6 28.Bxg6 fxg6 29.Qc4+ Kg7
30.Qh4 Kh8 31.Bg5 Rd4 32.Bf6+ Kg8 33.Qh6 Rg4 34.Rh4 Bd2 35.Qxd2 Nxf6 36.Rh3 Qxe5
37.Rxf6 Qxf6 38.Qd5+ Kf8 39.Qxc5+ Kg7 40.Qc7+ Kg8 41.Qh7+ Kf8 42.Qh8+ Qxh8
43.Rxh8+ Kg7 44.Rxa8 Rb4 45.Kf2 Rxb2+ 46.Kf3 Rb5 47.g4 g5 48.Rd8 a5 49.Rd7+ Kf6
50.Rh7 a4 51.h4 a3 52.hxg5+ Kg6 53.Rh6+ Kg7 54.Rh1 a2 55.Ra1 Rb2 56.Ke3 b5  0-1

[Event "ch-AUS"]
[Site "Adelaide AUS"]
[Date "2003.12.31"]
[Round "3"]
[White "Jones,B"]
[Black "Thaw Chee Yin"]
[Result "1-0"]
[WhiteElo "2176"]
[BlackElo "2204"]

1.d4 d5 2.c4 c6 3.Nc3 Nf6 4.Nf3 dxc4 5.a4 Bf5 6.e3 e6 7.Bxc4 Bb4 8.O-O O-O
9.h3 Nbd7 10.Qe2 Bg6 11.Rd1 Qa5 12.Bd2 Rad8 13.e4 Nb6 14.Bd3 Qh5 15.a5 Nbd7
16.a6 b6 17.Bf4 Nb8 18.Ra4 Be7 19.Qe3 c5 20.Be2 cxd4 21.Nxd4 Qc5 22.Rc4 Qa5
23.Bxb8 Rxd4 24.Qxd4 Rxb8 25.e5 Ne8 26.Qd7 Kf8 27.Qb5 Bc2 28.Rc1 Bg6 29.Rc6 Bb4
30.Qxa5 bxa5 31.Nb5 Be4 32.Rc8  1-0

[Event "Excelsior Cup"]
[Site "Goteborg SWE"]
[Date "2004.01.12"]
[Round "5"]
[White "Rogozenko,D"]
[Black "Johannessen,LE"]
[Result "1/2-1/2"]
[WhiteElo "2517"]
[BlackElo "2500"]

1.d4 d5 2.c4 c6 3.Nf3 Nf6 4.Nc3 dxc4 5.a4 Bf5 6.Ne5 Nbd7 7.Nxc4 Qc7 8.g3 e5
9.dxe5 Nxe5 10.Bf4 Nfd7 11.Bg2 g5 12.Nxe5 gxf4 13.Nxd7 O-O-O 14.Qd4 Qxd7
15.Qxf4 Bd6 16.Qd4 Bc7 17.Qxd7+ Rxd7 18.Be4 Bxe4 19.Nxe4 Rd4 20.Ng5 h6 21.Nf3 Ba5+
22.Kf1 Rb4 23.Ra2 Re8 24.Nd2 Rd4 25.Nb3 Rd1+ 26.Kg2 Rxh1 27.Kxh1 Be1 28.Kg2 Rxe2
29.Kf1 Re8 30.Nc5 Bb4 31.Nd3  1/2-1/2

[Event "Excelsior Cup"]
[Site "Goteborg SWE"]
[Date "2004.01.13"]
[Round "6"]
[White "Bellon Lopez,JuM"]
[Black "Akesson,J"]
[Result "1/2-1/2"]
[WhiteElo "2429"]
[BlackElo "2333"]

1.d4 d5 2.Nf3 Nf6 3.c4 c6 4.Nc3 dxc4 5.a4 Bf5 6.Nh4 Bc8 7.Nf3 Bf5 8.Nh4 Bc8
9.e3 e5 10.Bxc4 exd4 11.exd4 Be7 12.O-O O-O 13.Re1 Na6 14.Bg5 Nc7 15.Qb3 Rb8
16.Re5 Be6 17.Nf5 Bxf5 18.Rxf5 b5 19.axb5 cxb5 20.Bd3 Ne6 21.Bxf6 Bxf6 22.Rd5 Nxd4
23.Qd1 Qe7 24.Ne4 Rfd8 25.Rxd8+ Rxd8 26.Nxf6+ Qxf6 27.Rxa7 g6 28.Bf1 Ne6
29.Qc1 Qd4 30.Rb7 b4 31.h3 Nc5 32.Rb5 Na4 33.Qe1 Nxb2 34.Rxb4 Qd2 35.Qxd2 Rxd2
36.Rb7 Nd1 37.Bc4 Rxf2 38.Bb3 Rb2 39.Bxf7+ Kf8 40.Bb3 Ne3 41.Bd5 Rxb7 42.Bxb7 Nf5
43.Be4 Nd6 44.Bd3 Kg7 45.Kf2 Kf6 46.Kg3 h6  1/2-1/2

[Event "Excelsior Cup"]
[Site "Goteborg SWE"]
[Date "2004.01.16"]
[Round "9"]
[White "Bellon Lopez,JuM"]
[Black "Hector,J"]
[Result "1-0"]
[WhiteElo "2429"]
[BlackElo "2518"]

1.d4 d5 2.c4 c6 3.Nc3 Nf6 4.Nf3 dxc4 5.a4 Bf5 6.e3 e6 7.Bxc4 Bb4 8.O-O Nbd7
9.Qe2 Bg4 10.h3 Bxf3 11.Qxf3 O-O 12.Rd1 Rc8 13.e4 e5 14.Be3 Re8 15.d5 Bxc3
16.bxc3 cxd5 17.Bxd5 Rxc3 18.Bxb7 Qc7 19.Bd5 Nxd5 20.exd5 Qd6 21.Qe2 a6 22.a5 Rec8
23.Bb6 R3c4 24.Qe3 f5 25.Rac1 f4 26.Rxc4 Rxc4 27.Qe2 Rb4 28.Qxa6 Nxb6 29.axb6 Rxb6
30.Qc8+ Qf8 31.Qc3 Qf6 32.d6 Rb8 33.d7 Rd8 34.Qc5 Kf7 35.Rd6 Qf5 36.Qc7 Qg5
37.Qc4+ Kf8 38.Qd5 Qe7 39.h4 e4 40.Kf1 Qxh4 41.Qf5+ Kg8 42.Qxe4 Qh1+ 43.Ke2 Qh5+
44.Ke1 Qf7 45.f3 Kf8 46.Qd3 Qh5 47.Rd5 Qh1+ 48.Kf2 Qh4+ 49.Ke2 Qe7+ 50.Kf1 Kg8
51.Rd4 h6 52.Qc4+ Qf7 53.Qc5 Qe6 54.Qc7 Qe7 55.Rd3 Kh8 56.Qc4 Qf6 57.Rd1 Qe7
58.Rd4 Kh7 59.Qd5 Kh8 60.Qc4 Kh7 61.Rd5 Kh8 62.Rd1 g6 63.Qxf4 Kg7 64.Qd4+ Kf7
65.Kf2 Qe6 66.Qf4+ Kg7 67.Rd6 Qe7 68.Qd4+ Kh7 69.g3 Qf7 70.Qd3 Kg7 71.f4 Qa2+
72.Kf3 Qf7 73.Qd4+ Kh7 74.Qd5 Qg7 75.Qe6 h5 76.Ke4 Ra8 77.d8=Q Qb7+ 78.Qd5 Qb1+
79.Qd3 Qe1+ 80.Kd5 Qh1+ 81.Ke6 Qe1+ 82.Kf7 Ra7+ 83.Rd7  1-0

[Event "Open"]
[Site "Praha CZE"]
[Date "2004.01.18"]
[Round "3"]
[White "Volodin,V"]
[Black "Meduna,E"]
[Result "1/2-1/2"]
[WhiteElo "2251"]
[BlackElo "2432"]

1.Nf3 Nf6 2.c4 c6 3.d4 d5 4.Nc3 dxc4 5.a4 Bf5 6.Ne5 Nbd7 7.Nxc4 Nb6 8.Ne5 e6
9.f3 Nfd7 10.a5 Nc8 11.a6 Qc7 12.Nxd7 Qxd7 13.e4 Bg6 14.axb7 Qxb7 15.Ba6 Qc7
16.O-O Be7 17.Be3 O-O 18.Qe2 f5 19.exf5 exf5 20.d5 Nb6 21.dxc6 Qxc6 22.Qb5 Be8  1/2-1/2

[Event "ch-Kiev"]
[Site "Kiev UKR"]
[Date "2004.01.19"]
[Round "4"]
[White "Shishkin,Va"]
[Black "Perun,S"]
[Result "1/2-1/2"]
[WhiteElo "2458"]
[BlackElo "2350"]

1.d4 d5 2.c4 c6 3.Nc3 Nf6 4.Nf3 dxc4 5.a4 Bf5 6.e3 e6 7.Bxc4 Bb4 8.O-O Nbd7
9.Nh4 O-O 10.f3 Bg6 11.Nxg6 hxg6 12.e4 e5 13.Be3 Qb6 14.Kh1 a5 15.Ne2 Rad8
16.Qc2 exd4 17.Bxd4 Bc5 18.Bc3 Bb4 19.Nf4 Bxc3 20.Qxc3 g5 21.Nh3 Qc5 22.Rac1 Qe5
23.Qe3 Nh7 24.Rfd1 Qe7 25.Bb3 Ne5 26.Nf2 Rxd1+ 27.Rxd1 Rd8 28.Rxd8+ Qxd8
29.g3 Nf8 30.f4 gxf4 31.gxf4 Neg6 32.Ng4 Qh4 33.Qg3 Qe7 34.Qe3 Qh4  1/2-1/2

[Event "1st WinTV Open"]
[Site "Chennai IND"]
[Date "2004.01.21"]
[Round "1"]
[White "Babu,NS"]
[Black "Tejdeep,A"]
[Result "1-0"]
[WhiteElo "2339"]
[BlackElo "2002"]

1.d4 d5 2.c4 c6 3.Nc3 Nf6 4.Nf3 dxc4 5.a4 Bf5 6.Ne5 Nbd7 7.Nxc4 Qc7 8.Qd2 Bg6
9.Qf4 Qxf4 10.Bxf4 Nd5 11.Nxd5 cxd5 12.Na5 b6 13.Nc6 e6 14.Rc1 Be7 15.e3 Bf6
16.Ba6 O-O 17.Bd6 Rfe8 18.Bb7  1-0

[Event "Winter Open"]
[Site "Belgrade SCG"]
[Date "2004.01.22"]
[Round "2"]
[White "Jovanovic,Zo1"]
[Black "Klasan,V"]
[Result "1-0"]
[WhiteElo "2338"]
[BlackElo "2134"]

1.d4 d5 2.c4 c6 3.Nf3 Nf6 4.Nc3 dxc4 5.a4 Bf5 6.Ne5 e6 7.f3 Bb4 8.Nxc4 O-O
9.Bg5 Be7 10.e4 Bg6 11.Be2 Nbd7 12.O-O c5 13.dxc5 Bxc5+ 14.Kh1 Be7 15.Be3 Bc5
16.Bf4 Nb6 17.Qxd8 Raxd8 18.Na5 Bb4 19.Nxb7 Rd7 20.Ba6 Nh5 21.Be3 Rb8 22.g4 Nf6
23.Nc5 Rc7 24.Bf4  1-0

[Event "Testa GM"]
[Site "Griesheim GER"]
[Date "2004.01.23"]
[Round "4"]
[White "Bunzmann,D"]
[Black "Savchenko,S"]
[Result "1/2-1/2"]
[WhiteElo "2542"]
[BlackElo "2543"]

1.d4 d5 2.c4 c6 3.Nc3 Nf6 4.Nf3 dxc4 5.a4 Bf5 6.e3 e6 7.Bxc4 Bb4 8.O-O Nbd7
9.Qb3 a5 10.Na2 Be7 11.Nh4 Be4 12.Nc3 Bd5 13.Nxd5 cxd5 14.Be2 Bb4 15.Nf3 Qb6
16.Bb5 O-O 17.Bd2 Bxd2 18.Nxd2 Nb8 19.Rfc1 Na6 20.Qc3 Qd8 21.Nb3 b6 22.Bxa6 Rxa6
23.Qd3 Ra8 24.Rc6 Ne4 25.Nd2 Nxd2 26.Qxd2 Rc8 27.Qc2 Qd7 28.Rc1 Rxc6 29.Qxc6 Qxc6
30.Rxc6 Rb8 31.Kf1 g5 32.b3 g4 33.Ke2 b5 34.Rc5  1/2-1/2

[Event "Open"]
[Site "Praha CZE"]
[Date "2004.01.23"]
[Round "9"]
[White "Trichkov,V"]
[Black "Meduna,E"]
[Result "1/2-1/2"]
[WhiteElo "2325"]
[BlackElo "2432"]

1.d4 Nf6 2.Nf3 d5 3.c4 c6 4.Nc3 dxc4 5.a4 Bf5 6.e3 e6 7.Bxc4 Nbd7 8.O-O Bb4
9.Qb3 Qb6 10.Bd2 a5 11.h3 O-O 12.Rfe1 Bg6 13.Rad1 Rad8 14.Nh4 e5 15.Nxg6 hxg6
16.d5 cxd5 17.Nxd5 Nxd5 18.Bxd5 Nc5 19.Qa2 Nd3 20.Bxb4 Nxb4 21.Qc4 Nxd5 22.Rxd5 Qxb2
23.Red1 Rxd5 24.Rxd5 b6 25.Rb5 Qd2 26.Rxb6 Qe1+ 27.Qf1 Qc3 28.Qb1 Rd8 29.Rb8 Rxb8
30.Qxb8+ Kh7 31.Qb6 e4 32.g3 f6  1/2-1/2

[Event "TCh-AUT 2003-4"]
[Site "Velden AUT"]
[Date "2004.01.23"]
[Round "5"]
[White "Gustafsson,J"]
[Black "Tischbierek,R"]
[Result "1-0"]
[WhiteElo "2572"]
[BlackElo "2507"]

1.Nf3 Nf6 2.c4 c6 3.d4 d5 4.Nc3 dxc4 5.a4 Bf5 6.Ne5 Nbd7 7.Nxc4 Nb6 8.Ne5 a5
9.g3 e6 10.Bg2 h6 11.O-O Bb4 12.e3 O-O 13.Qe2 Bh7 14.Rd1 Nbd5 15.Na2 Bd6
16.e4 Nb4 17.Nc3 Bc7 18.Be3 Qe7 19.Rac1 Rfd8 20.Nc4 Rab8 21.Rd2 Ne8 22.Rcd1 Kh8
23.d5 exd5 24.exd5 cxd5 25.Nxd5 Nxd5 26.Rxd5 Rxd5 27.Rxd5 Qb4 28.Rd4 Nf6
29.Nd6 Qb3 30.h3 b6 31.Qd2 Qe6 32.Nb5 Be5 33.Rd8+ Ng8 34.Rxb8 Bxb8 35.Qd4 Qb3
36.Qxb6 Be5 37.Nc3 Qc2 38.Qxa5 f6 39.Qb4 Bd3 40.a5  1-0

[Event "It"]
[Site "Bermuda BER"]
[Date "2004.01.25"]
[Round "10"]
[White "Vescovi,G"]
[Black "Gelfand,B"]
[Result "1-0"]
[WhiteElo "2633"]
[BlackElo "2709"]

1.d4 d5 2.c4 c6 3.Nf3 Nf6 4.Nc3 dxc4 5.a4 Bf5 6.Ne5 e6 7.f3 Bb4 8.e4 Bxe4
9.fxe4 Nxe4 10.Bd2 Qxd4 11.Nxe4 Qxe4+ 12.Qe2 Bxd2+ 13.Kxd2 Qd5+ 14.Kc2 Na6
15.Nxc4 O-O 16.Qe5 Rab8 17.a5 f6 18.Qxd5 cxd5 19.Nd2 Rfc8+ 20.Kb1 Nb4 21.Ra4 Nc6
22.Nb3 Kf7 23.Be2 Ke7 24.Rg4 g5 25.Rg3 Kd6 26.Rf1 Rf8 27.Rh3 f5 28.Rxh7 Rh8
29.Rg7 Rhg8 30.Rxg8 Rxg8 31.a6 bxa6 32.Bxa6 Rh8 33.h3 f4 34.Rd1 e5 35.Bd3 Nb4
36.Be4 Ke6 37.Nc5+ Kd6 38.Nb3 Ke6 39.Bf3 e4 40.Nc5+ Ke5 41.Re1 Kd6 42.Nxe4+ dxe4
43.Rxe4 Rb8 44.h4 gxh4 45.Rxf4 Kc5 46.b3 a5 47.Rxh4 Rd8 48.Rh5+ Kb6 49.Kb2 Rc8
50.Rh6+ Kc5 51.Ka3 Nc2+ 52.Ka4 Nd4 53.Ra6 Rf8 54.Rxa5+ Kb6 55.Ra8 Rf5 56.Be4 Re5
57.Bd3 Nc6 58.b4 Re1 59.Rg8 Ne5 60.Bf5 Rf1 61.Rg5 Rf4 62.g3 Rd4 63.Rh5 Nc6
64.Rh4 Rd8 65.Be4 Nd4 66.Rh6+ Kc7 67.b5 Rb8 68.Bd3 Re8 69.Rh4 Rd8 70.Kb4 Rd6
71.Rh7+ Kb6 72.Be4 Nxb5 73.Rb7+ Ka6 74.Rxb5 Rd4+ 75.Kc5 Rxe4 76.Rb3 Rg4 77.Kd5 Ka5
78.Ke5 Rg8 79.Kf6 Ka6 80.Kf7 Rg4 81.Ke6 Rg8 82.Kf6 Ka5 83.Kf7 Rg4 84.Rf3 Kb5
85.Kf6 Kc6 86.Kf5 Rg8 87.g4 Kd7 88.Rd3+ Ke7 89.g5 Ra8 90.Kg6 Kf8 91.Kh7 Ra7+
92.Kh8 Kf7 93.Rd6  1-0